Рабочая хроника Института востоковедения ... 1: За 1943 год (Запись № 13618514)

Подробности
000 -МАРКЕР
контрольное поле 01249nam2a2200241 4500
001 - ИДЕНТИФИКАТОР ЗАПИСИ
контрольное поле rc\3017150
005 - ИДЕНТИФИКАТОР ВЕРСИИ
контрольное поле 20260315064500.0
035 ## - ДРУГИЕ СИСТЕМНЫЕ НОМЕРА
Идентификатор записи (NLR Aleph) 007159392
100 ## - ДАННЫЕ ОБЩЕЙ ОБРАБОТКИ
Данные общей обработки 20110926d1944 u y0rusy50 ca
101 0# - ЯЗЫК РЕСУРСА
Язык текста, звукозаписи и т.д. русский
102 ## - СТРАНА ПУБЛИКАЦИИ ИЛИ ПРОИЗВОДСТВА
Страна публикации Российская Федерация
105 ## - ПОЛЕ КОДИРОВАННЫХ ДАННЫХ: ТЕКСТОВЫЕ МАТЕРИАЛЫ, МОНОГРАФИЧЕСКИЕ
Кодированные данные о монографическом текстовом документе y z |||||
200 1# - ЗАГЛАВИЕ И СВЕДЕНИЯ ОБ ОТВЕТСТВЕННОСТИ
Основное заглавие За 1943 год
210 ## - ПУБЛИКАЦИЯ, РАСПРОСТРАНЕНИЕ И ДР.
Дата издания, распространения и т.д. 1944
215 ## - ФИЗИЧЕСКАЯ ХАРАКТЕРИСТИКА
Специфическое обозначение материала и объем 44 с.
461 #0 - УРОВЕНЬ НАБОРА
Встроенное поле 001rc\3017149
-- 2001#$aРабочая хроника Института востоковедения ...$e1-$fРед.: акад. В.В. Струве, д-р ист. наук Я.Б. Радуль-Затуловский и канд. техн. наук Д.И. Тихонов$gАкад. наук Союза ССР. Ин-т востоковедения$v1
Системный номер (АБИС) связанной записи 7233467
Автор Институт востоковедения (Ленинград)
Место публикации Ташкент
Дата публикации 1944
Первые сведения об ответственности Ред.: акад. В.В. Струве, д-р ист. наук Я.Б. Радуль-Затуловский и канд. техн. наук Д.И. Тихонов
Имя издателя, распространителя и т.д. Б. и.
Сведения, относящиеся к заглавию 1-
Заглавие Рабочая хроника Института востоковедения ...
Номер тома 1
801 #0 - ИСТОЧНИК ЗАПИСИ
Страна Российская Федерация
Организация NLR
Правила каталогизации psbo
801 #1 - ИСТОЧНИК ЗАПИСИ
Страна Российская Федерация
Организация ELAR
Источник данных rusmarc
852 ## - МЕСТОНАХОЖДЕНИЕ И ШИФР ХРАНЕНИЯ
Идентификатор организации NLR
Шифр хранения (Call Number) И10 Г-8/3(1)
852 ## - МЕСТОНАХОЖДЕНИЕ И ШИФР ХРАНЕНИЯ
Идентификатор организации NLR
Шифр хранения (Call Number) КРII/32
942 ## - ДОПОЛНИТЕЛЬНЫЕ ЭЛЕМЕНТЫ ЗАПИСИ (АБИС)
Тип экземпляра АБИС Неопределено
980 ## - КОЛЛЕКЦИЯ
Название коллекции Национальная библиография

Нет доступных экземпляров.